000 00532nam a2200145Ia 4500
008 100204s9999 xx 000 0 und d
082 _b14430
100 _aगोवंडे श्रीकांत
245 _aहितोपदेशातील गोष्टी
260 _b"अनमोल प्रकाशन, पुणे"
_c1990
300 _a106
630 _aहितोपदेशातील गोष्टी
730 _aहितोपदेशातील गोष्टी
942 _cBOOK
999 _c458861
_d458858